LIBRARY & INFORMATION CENTRE, KCAET, TAVANUR

ONLINE PUBLIC ACCESS CATALOGUE (OPAC)

Text book of inorganic chemistry / (Record no. 10677)

MARC details
000 -LEADER
fixed length control field 00448cam a2200181ua 4500
041 ## - LANGUAGE CODE
Language code of text/sound track or separate title eng
082 ## - DEWEY DECIMAL CLASSIFICATION NUMBER
Classification number 546
Item number LAD/TE
100 ## - MAIN ENTRY--AUTHOR NAME
Personal name Ladlimohan Mitra, M .
245 ## - TITLE STATEMENT
Title Text book of inorganic chemistry /
250 ## - EDITION STATEMENT
Edition statement 48 /
260 ## - PUBLICATION, DISTRIBUTION, ETC. (IMPRINT)
Place of publication Calcutta :
Name of publisher Ghosh and Co ,
Year of publication 1963.
300 ## - PHYSICAL DESCRIPTION
Number of Pages 714 ; .
942 ## - ADDED ENTRY ELEMENTS (KOHA)
Koha item type Books
Holdings
Withdrawn status Lost status Damaged status Home library Current library Date acquired Full call number Accession Number Koha item type
Withdrawn     KAUAET KAUAET 07/04/2012 546 8079 Books
free website counter